00391cam a22001337a 4500008004000000082001600040100001600056245008100072260002400153300001600177650003100193700001600224700001700240180718b1954 xxu||||| |||| 00| 0 eng d aB19x42 B751 aBrennan, T. aSocial change in south-west Walescby T. Brennan, E.W. Cooney and H. Pollins aLondonbWattsc1954 aviii, 200p. aWales - Social Conditions. aPollins, H. aCooney, E.W.